000 00756nas a2200253Ia 4500
001 R412/38412
003 IT-RoPAU
008 151124c99999999xx |||||||||||| ||und||
040 _aIT-RoPAU
040 _cIT-RoPAU
041 _aITALIANO
100 _aAA.VV.
_gCodice Aut. SPICS: 12000
210 _aMUSICA JAZZ
222 _aMusica Jazz
245 _aMUSICA JAZZ (ANNO 35-N.11)-NOVEMBRE 1979
_bMusica Jazz (Anno 35-N.11)-Novembre 1979
250 _a1a ed.
260 _aMILANO
_bMUSICA JAZZ
_c1979
501 _bPaulus - SPICS - Società San Paolo EM (non-commercial uses only)
_cCopyright2015
300 _a56 p.
310 _aMENSILE
362 _aANNO 035, N.11)-NOVEMBRE 1979
650 _aMUSICA
_vPUBBLICAZIONE PERIODICA
942 _cCR
999 _c161114
_d161114